000 00317nam a2200133Ia 4500
005 20260328101511.0
008 260328s9999||||xx |||||||||||||| ||und||
100 _aLe Corbusier
245 0 _aLe Voyage d' Orient /
_cLe Corbusier
260 _bForces Vives
300 _a173 p.
650 _aCorbusier, Le
942 _cBK
999 _c9189
_d9189